| 000 | 00414nam a22001457a 4500 | ||
|---|---|---|---|
| 082 |
_a604.2 _bFRE _cL-12,P-5 |
||
| 100 | _aFrench, Thomas E | ||
| 245 |
_aA manula of Engineering Drawing _cThomas E, French |
||
| 250 | _avolumn8. | ||
| 260 |
_aLondon _bMcgraw-Hill Book Company, INC _c1953 |
||
| 300 |
_a715p.: _bill,; _c18 cm. |
||
| 526 |
_a0 _b0 _c0 _d604_200000000000000_FRE |
||
| 650 |
_aMCE _9379 |
||
| 942 |
_2ddc _cBK |
||
| 999 |
_c544864 _d544864 |
||